000 00612nam a2200253Ia 4500
005 20260121154839.0
008 008 260114s9999 xx 000 0 eng d
020 _a9780429316081
037 _aEBOOK
040 _aCRL
040 _beng
040 _cCRL
041 _2eng
041 _aeng
084 _qCRL
100 _a Margherita Dore
_91012231
245 0 _aHumour Translation in the Age of Multimedia
260 _bTaylor and Francis
260 _c2021
856 _uhttp://www.taylorfrancis.com/books/9780429316081
942 _cEBOOK
999 _c1579050
_d1579050